000 00708nam a22002297a 4500
003 UA-OsUOA
001 47024
007 ta
008 20120530b un ||||| |||| 00| 0 ukr d
090 _a94(477).152 (К)
_bС82
942 _cBK
040 _aUA-OsUOA
_bukr
_cUA-OsUOA
_dUA-OsUOA
245 _aСторіччя українського поселення в Канаді.
300 _a131 с.
955 _a4
041 _aukr
080 _a94(477).152 (К)
260 _aВінніпег
_c1991
650 7 _a9 Географія. Біографії. Історія
_2UDC
999 _c427130
_d427130